Banderas con animales - Estadísticas

Estadísticas generales
  • Esta prueba ha sido intentada 189 veces
  • La puntuación promedio es 16 de 20
Estadísticas de respuestas
Imagen Respuesta % Correcto
Albania
98%
Croacia
95%
España
95%
Bután
92%
Ecuador
92%
Egipto
91%
Andorra
90%
México
89%
Kazajistán
83%
Sri Lanka
81%
Dominica
78%
Papúa Nueva Guinea
77%
Uganda
77%
Montenegro
75%
Moldavia
74%
Serbia
74%
Fiyi
69%
Guatemala
69%
Zambia
67%
Zimbabue
64%
No se encontraron pruebas coincidentes
Distribución de puntuación
Porcentaje de gente con cada puntuación
Porcentaje por número respondido
Historial de tus puntuaciones
No has intentado esta prueba.